Sermón que en las solemnes honras celebradas en obsequio de los VV.PP. Predicadores apostólicos Fr. Francisco Tomás Hermenegildo ...

Detalles Bibliográficos
Autor principal: BRINGAS De M. Y ENCINAS, Diego M. ( Fray )
Formato: Libro
Publicado: Madrid 1819
Materias:
Colección:Banco de datos
Acervo:Biblioteca del Ex Convento de Nuestra Señora de Guadalupe. Zacatecas
Tema general:Homilética
Notas:Buena. XI,8,10 (3731). Encuadernado en un mismo volumen con cuatro sermones más
LEADER 00835nam a22001930004500
035 |a 42804 
036 |a 3988 
100 1 |a BRINGAS De M. Y ENCINAS, Diego M. ( Fray ) 
245 1 0 |a Sermón que en las solemnes honras celebradas en obsequio de los VV.PP. Predicadores apostólicos Fr. Francisco Tomás Hermenegildo ... 
260 |a Madrid  |b imp. Fermín Villalpando  |c 1819 
500 |a Buena. XI,8,10 (3731). Encuadernado en un mismo volumen con cuatro sermones más 
650 1 0 |a Homilética 
949 |a CRZ-CG 
959 |a Ex convento de Nuestra Señora de Guadalupe, Museo Regional de Zacatecas, Zacatecas  |b CCC4 
960 |a Convento de Nuestra Señora de Guadalupe, Zacatecas  |b DD87 
961 |a Franciscana  |b OF 
942 |c CRZ-CG 
943 |g Biblioteca del Ex Convento de Nuestra Señora de Guadalupe. Zacatecas 
999 |c 966931  |d 966931